000 01610cam a22003018i 4500
001 1371956022
003 AUA.1
005 20260312164425.0
008 221118s2023 miu b 000 0 eng
010 _a2022056134
020 _a9781940980324
020 _a1940980321
020 _a9781940980331
035 _a(OCoLC)1371956022
040 _aDLC
_beng
_erda
_cDLC
_dOCLCF
_dOCLCO
_dCPU
_dEXN
042 _apcc
050 0 0 _aBX6121.8
_b.P43 2023
082 0 0 _a286.7/32
_223/eng/20230306
100 1 _aPeckham, John C.,
_eauthor.
245 1 0 _aGod with us :
_ban introduction to Adventist theology /
_cJohn C. Peckham.
260 _aBerrien Springs, MI :
_bAndrews University Press;
_cc2023.
300 _axxvii, 768 pages ;
_c24 cm.
504 _aIncludes bibliographical references.
520 _aThis book is an introduction to Christian theology from a Seventh-day Adventist perspective. It begins with an introduction to the story of God with us, consisting of three preliminary chapters-two chapters that provide an overview of the story of Scripture and a third chapter that addresses reasons one might believe this story is true and place confidence in the Bible. This is followed by sixteen chapters that address core doctrines one-by-one, each set within the story of Scripture as the story of God with us. Each doctrinal chapter concludes with some questions for reflection and some suggestions for further reading. -- Publisher description.
650 0 _aTheology, Doctrinal.
650 0 _aSeventh-day Adventists
_xDoctrines.
942 _2lcc
_cBOOK
_hBX 6121.8
_i.P43 2023
999 _c25281
_d25281